Mean-variance analysis in portfolio choice and capital markets /

Bibliographic Details
Main Author: Markowitz, H. (Harry), 1927-
Format: Book
Language:English
Published: Oxford, OX, UK ; New York, NY, USA : B. Blackwell, 1987.
Subjects:

MARC

Tag First Indicator Second Indicator Subfields
LEADER 00000cam a2200000 a 4500
001 in00000016218
005 20151007052719.0
008 870422s1987 enka b 00110 eng
010 |a  87002975  
020 |a 0631153810 :  |c $49.95 
035 |a (OCoLC)15659673 
035 |9 AAA8904AM 
040 |a DLC  |c DLC  |d TXA  |d UtOrBLW 
049 |a TXAM  |c [A12608031] 
050 0 0 |a HG4529.5  |b .M37 1987 
082 0 |a 332.6  |2 19 
100 1 |a Markowitz, H.  |q (Harry),  |d 1927- 
245 1 0 |a Mean-variance analysis in portfolio choice and capital markets /  |c Harry M. Markowitz. 
264 1 |a Oxford, OX, UK ;  |a New York, NY, USA :  |b B. Blackwell,  |c 1987. 
300 |a xi, 387 pages :  |b illustrations ;  |c 24 cm. 
336 |a text  |b txt  |2 rdacontent 
337 |a unmediated  |b n  |2 rdamedia 
338 |a volume  |b nc  |2 rdacarrier 
504 |a Bibliography: pages [369]-374. 
500 |a Includes index. 
650 0 |a Portfolio management  |x Mathematical models. 
650 0 |a Capital market  |x Mathematical models. 
999 |a MARS 
999 f f |s e976c1c8-e881-3aaf-9e9f-ef85ab493671  |i 7229d0ff-825e-346e-95e9-c45c9a89e955  |t 0 
952 f f |p ric  |a Texas A&M University  |b Rellis Campus  |c Joint Library Facility  |d Remote Storage  |t 0  |e HG4529.5 .M37 1987  |h Library of Congress classification  |i unmediated -- volume  |m A14812608031 
998 f f |a HG4529.5 .M37 1987  |t 0  |l Remote Storage